000 00478nam a2200193Ia 4500
005 20240823054747.0
008 240823s9999||||xx |||||||||||||| ||und||
020 _a0-13-113322-5
041 _aENGLISH
082 _A658.8342 P4
100 _aJudy Graham
245 0 _aCritical Thinking in Consumer Behavior
250 _a1st
260 _c2004
_bPearson Education Internat
500 _aYES
650 _aManagement
_bManagement Studies
942 _cBK
999 _c227212
_d227212